LEADER 02515oam 2200625I 450 001 9910452264803321 005 20200520144314.0 010 $a0-7007-1438-3 010 $a1-315-02876-X 010 $a1-136-85131-3 024 7 $a10.4324/9781315028767 035 $a(CKB)2550000001117509 035 $a(EBL)1395274 035 $a(OCoLC)862823026 035 $a(SSID)ssj0001170203 035 $a(PQKBManifestationID)11661525 035 $a(PQKBTitleCode)TC0001170203 035 $a(PQKBWorkID)11170906 035 $a(PQKB)11573407 035 $a(MiAaPQ)EBC1395274 035 $a(Au-PeEL)EBL1395274 035 $a(CaPaEBR)ebr10764167 035 $a(CaONFJC)MIL517947 035 $a(OCoLC)858861214 035 $a(EXLCZ)992550000001117509 100 $a20180706d2002 uy 0 101 0 $aeng 135 $aur|n|---||||| 181 $ctxt 182 $cc 183 $acr 200 00$aUnderstanding Islamic architecture /$fedited by Attilio Petruccioli and Khalil K. Pirani ; with a foreword by Oleg Grabar 210 1$aOxon [England] :$cRoutledgeCurzon,$d2002. 215 $a1 online resource (149 p.) 300 $aReprinted 2008. 311 $a0-7007-1437-5 311 $a1-299-86696-4 320 $aIncludes bibliographical references. 327 $asection I. Meaning from faith -- section II. Meaning from history -- section III. Contemporary trends. 330 $a
The ongoing debate among practitioners and in academia about the meaning and understanding of Islamic architecture will be energized by this book. It contains essays by architects and academics from various parts of the world which clarify how the carious disciplines of the design profession can be employed to build in the spirit of Islam.
Divided into three sections the book covers:
*meaning from Faith, which draws meaning from the Islamic faith in order to propose a built environment that is universally beneficial
*analysis of History, which examines historical buildings
606 $aIslamic architecture
606 $aIslam and architecture
608 $aElectronic books.
615 0$aIslamic architecture.
615 0$aIslam and architecture.
676 $a723.3
701 $aPetruccioli$b Attilio$f1945-$038037
701 $aPirani$b Khalil K$0923414
801 0$bMiAaPQ
801 1$bMiAaPQ
801 2$bMiAaPQ
906 $aBOOK
912 $a9910452264803321
996 $aUnderstanding Islamic architecture$92072253
997 $aUNINA
LEADER 01390nam0 22003853i 450
001 RAV0231275
005 20251003044327.0
010 $a8816430591
100 $a20151021d1994 ||||0itac50 ba
101 | $aita
102 $ait
181 1$6z01$ai $bxxxe
182 1$6z01$an
200 1 $aBiologia teorica$fB. Chiarelli ... [et al.]
210 $aMilano$cJaca book$d1994
215 $a174 p.$d19 cm.
225 | $aEDO$v59
410 0$1001LO10085979$12001 $aEDO$v59
606 $aBiologia$2FIR$3CFIC006589$9E
676 $a570$9SCIENZE DELLA VITA. BIOLOGIA$v14
676 $a570.1$9SCIENZE DELLA VITA BIOLOGIA. FILOSOFIA E TEORIA$v23
676 $a574.01$9FILOSOFIA E TEORIA DELLA BIOLOGIA$v20
696 $aScienze biologiche
699 $aBiologia$zScienze biologiche
702 1$aChiarelli$b, Brunetto$3CFIV022161
790 1$aChiarelli$b, Anton Brunetto$3CFIV195519$zChiarelli, Brunetto
790 1$aChiarelli$b, A. B.$3SBNV006490$zChiarelli, Brunetto
801 3$aIT$bIT-000000$c20151021
850 $aIT-BN0095 $aIT-NA0075
901 $bNAP 01$cSALA $n$
912 $aRAV0231275
950 0$aBiblioteca Centralizzata di Ateneo$d 01SALA 570 CHI bi$e 0104 9000005755 VMA 1 v.$fA $h20121002$i20121002
977 $a 01$a GE
996 $aBiologia teorica$9108469
997 $aUNISANNIO